01321nam a22002777a 4500003000900000005001700009008004100026020001800067040002500085082001400110245022400124260005200348300002600400504003000426590002700456700002800483700003600511700003700547700003000584910001400614942001400628952012400642952013000766952013000896999001701026DO-SdBNP20220504120359.0110301s2019 dr a 000 0 spa d a9789945920314 aDO-SdBNPbspacBNPHU 4axxxxbxxx00aRecursos didácticos prácticos y dinámicos :bpara favorecer el aprendizaje de personas jóvenes y adultas del Nivel Básico /cAurelina Payano, Carmen Mireya Dionicio, Johanna Díaz Jiménez, Mercedes Liriano  aSanto Domingo :bCentro Cultural Poveda,c2019. a125 p. :bil.c25 cm. aBibliografía p: 123-125 aInventariado, 2022/ YL12aPayano, Aurelina98153712aMireya Dionicio, Carmen98153812aDíaz Jiménez, Johanna98153912aLiriano, Mercedes 981540 aYLockward 2ddccLBS1 00102ddc53708PDaBNPHUbBNPHUcCTd2020-11-23eEditora Búhol0oxxxx xxxp2022-1769r2022-05-04w2022-05-04yLBS1 00102ddc53708PDaBNPHUbBNPHUcCTd2020-11-23eEditora Búhol0oxxxx xxxp2022-1770r2022-05-04te. 2w2022-05-04yLBS1 00102ddc56708PDaBNPHUbBNPHUcCTd2020-11-23eEditora Búhol0oxxxx xxxp2022-1771r2022-05-04te. 3w2022-05-04yLBS1 c51636d51636